Life established: (Record no. 5912)

000 -LEADER
fixed length control field 00618nam a2200181 a 4500
001 - CONTROL NUMBER
control field :::00003655$&:&@@
003 - CONTROL NUMBER IDENTIFIER
control field OkBaRHE
005 - DATE AND TIME OF LATEST TRANSACTION
control field 20000607103309.0
008 - FIXED-LENGTH DATA ELEMENTS--GENERAL INFORMATION
fixed length control field s1948 j 000 0 eng u
040 ## - CATALOGING SOURCE
Transcribing agency
100 1# - MAIN ENTRY--PERSONAL NAME
Personal name Laurin, Roy Leonard, 1898-
245 10 - TITLE STATEMENT
Title Life established:
Remainder of title a devotional exposition of the epistle to the Colossians.
260 ## - PUBLICATION, DISTRIBUTION, ETC. (IMPRINT)
Place of publication, distribution, etc Wheaton, IL., :
Name of publisher, distributor, etc Van Kampen Press
Date of publication, distribution, etc c1948
300 ## - PHYSICAL DESCRIPTION
Extent 192 p. ;
Dimensions 20 cm.
650 ## - SUBJECT ADDED ENTRY--TOPICAL TERM
Topical term or geographic name as entry element Bible New Testament Colossians
General subdivision Commentaries
942 ## - ADDED ENTRY ELEMENTS (KOHA)
Source of classification or shelving scheme
Koha item type Books
Copies
Source of classification or shelving scheme Copy number Damaged status Date last seen Date acquired Lost status Withdrawn status Permanent Location Price effective from Barcode Full call number Not for loan Koha item type Shelving location
 1 2018-04-032010-04-14  RHEMA Bible Training College2010-04-143655BS 2715 .L38 BooksGeneral Stacks